Năm điều cám dỗ giám đốc : Chuyện về thuật lãnh đạo

Αποθηκεύτηκε σε:
Λεπτομέρειες βιβλιογραφικής εγγραφής
Κύριος συγγραφέας: Patrick, Lencioni
Μορφή: Βιβλίο
Γλώσσα:Undetermined
Έκδοση: Thành phố Hồ Chí Minh Trẻ 2005
Θέματα:
Ετικέτες: Προσθήκη ετικέτας
Δεν υπάρχουν, Καταχωρήστε ετικέτα πρώτοι!
Thư viện lưu trữ: Trung tâm Học liệu Trường Đại học Cần Thơ
LEADER 00580nam a2200193Ia 4500
001 CTU_103556
008 210402s9999 xx 000 0 und d
082 |a 658.4 
082 |b L563 
100 |a Patrick, Lencioni 
245 0 |a Năm điều cám dỗ giám đốc : 
245 0 |b Chuyện về thuật lãnh đạo 
245 0 |c Patrick Lencioni 
260 |a Thành phố Hồ Chí Minh 
260 |b Trẻ 
260 |c 2005 
650 |a Executives,Finance management 
904 |i Hiếu 
980 |a Trung tâm Học liệu Trường Đại học Cần Thơ